000
00353nam a2200157Ia 4500
008
151213s9999 xx 000 0 und d
100
_a
Keats
245
_a
The Counturies Poetry
_c
Keats
250
_a
18th
260
_a
U. S.
_b
Penguijng Book
_c
1950
300
_a
4333 p.
650
_a
English
650
_a
Poetry
700
_a
Keats
999
_c
2747
_d
2747